Missing Word: Product Mascots Quiz Stats

 Plays Quiz Updated Mar 13, 2021

Support Sporcle.
Go Orange.
Score 0/18 Timer 02:00
3 Plays Today
Hint Mascot Name % Correct
______ McDonaldRonald
98.9%
Snap, ______, PopCrackle
97.4%
______ the TigerTony
92.9%
The Pillsbury ______Doughboy
90.2%
Colonel ______Sanders
84.8%
Mr. ______Peanut
79.9%
Toucan ______Sam
77.4%
The Geico ______Gecko
75.5%
Miss Chiquita ______Banana
61.7%
Hint Mascot Name % Correct
______ the Leprechaun Lucky
61.3%
Cheeseasaurus ______Rex
53.3%
______ CheetahChester
52.3%
______ the TunaCharlie
46.2%
Mr. ______Owl
46.2%
______ CamelJoe
43.5%
Taco Bell _______Chihuahua (Gidget)
37.9%
______ the DogBullseye
12%
______ KeeblerErnie
6.1%

Today's Daily Dose

Quick Pick
Nissan Models

Get the Picture
Amazing Trees

From the Vault

Sort the Florida Teams

by lolshortee

Sports 60s
Hockey in Florida? Now we've heard everything.
Remove Ads.
Support Sporcle.
Get the best of Sporcle when you Go Orange. This ad-free experience offers more features, more stats, and more fun while also helping to support Sporcle. Thank you for becoming a member.

Show Comments

Extras

Top Quizzes Today


Score Distribution

Your Account Isn't Verified!

In order to create a playlist on Sporcle, you need to verify the email address you used during registration. Go to your Sporcle Settings to finish the process.

Report this User

Report this user for behavior that violates our Community Guidelines.

Details: